Logo BPK

Biblioteka

Politechniki Koszalińskiej

Prezentacje w biznesie : (Rekord nr 46805)

Szczegóły MARC
000 -ETYKIETA REKORDU
podpole kontrolne o stałej długości 00950nam a2200289 i 4500
001 - NUMER KONTROLNY REKORDU
pole kontrolne bg
015 ## - NUMER BIBLIOGRAFII NARODOWEJ
Numer bibliografii narodowej PB 1498/2002
020 ## - MIĘDZYNARODOWY ZNORMALIZOWANY NUMER KSIĄŻKI - ISBN
ISBN 8388170376
040 ## - ŹRÓDŁO KATALOGOWANIA
Instytucja, która utworzyła rekord BPK
041 1# - KOD JĘZYKA
Kod języka tekstu pol
Kod języka oryginału eng
080 ## - UNIWERSALNA KLASYFIKACJA DZIESIĘTNA - UKD
UKD 316.343.653:659.23:316.47](083.1)
920 ## - Międzynarodowy znormalizowany numer książki – ISBN
ISBN 83-88170-37-6
008 - POLE O STAŁEJ DŁUGOŚCI - DANE KONTROLNE
podpole kontrolne o stałej długości s pl f |000 0 pol
100 1# - NAZWA OSOBOWA
Nazwa osobowa KOPS, George J.
245 10 - TYTUŁ/ODPOWIEDZIALNOŚĆ
Tytuł Prezentacje w biznesie :
Ciąg dalszy tytułu praktyczny poradnik dla tych, którzy nie lubią tracić czasu /
Pozostałe elementy strefy tytułu i oznaczenia odpowiedzialności [George J. Kops ; tł. Michał Rusiński].
246 ## - WARIANT TYTUŁU
Treść wyrażenia wprowadzającego Tyt. oryg.:
Tytuł Ten minute guide to business presentations
260 ## - STREFA ADRESU WYDAWNICZEGO
Miejsce wydania Warszawa :
Nazwa wydawcy/dystrybutora K.E. Liber,
Data publikacji, dystrybucji/powstania dokumentu 2001.
300 ## - STREFA OPISU FIZYCZNEGO
Objętość X, 185 s. ;
Rozmiary 21 cm.
490 1# - STREFA SERII I DOKUMENTU WIELOCZĘŚCIOWEGO - FORMA NIE DO WYSZUKIWANIA
Tytuł i oznaczenie odpowiedzialności serii W 10 Minut
500 ## - UWAGI OGÓLNE
Tekst uwagi Tyt. oryg.: "Ten minute guide to business presentations", 2000. Nazwa aut. na s. X.
504 ## - UWAGA DOTYCZĄCA BIBLIOGRAFII
Informacje o bibliografii Indeks.
650 #9 - HASŁO PRZEDMIOTOWE W FORMIE NAZWY OGÓLNEJ LUB JEDNOSTKOWEJ
Nazwa ogólna lub geograficzna Prezentacje i wystąpienia
655 ## - TERMIN INDEKSOWY - OKREŚLENIE RODZAJU/FORMY DOKUMENTU
Określenie rodzaju/formy dokumentu Poradniki
700 1# - HASŁO DODATKOWE - NAZWA OSOBOWA
Nazwa osobowa RUSIŃSKI, Michał.
Określenie związku między hasłem a opisywanym materiałem Tł.
830 ## - HASŁO DODATKOWE SERII LUB DOKUMENTU WIELOCZĘŚCIOWEGO - TYTUŁ UJEDNOLICONY
Tytuł ujednolicony W 10 Minut
856 ## - LOKALIZACJA I DOSTĘP DO ELEKTRONICZNYCH DOKUMENTÓW ZDALNYCH
Link (URL) http://koha.tu.koszalin.pl/cgi-bin/koha/opac-detail.pl?biblionumber=46805
Tekst linku Katalog online BPK
942 ## - DODATKOWE ELEMENTY (KOHA)
Typ dokumentu Książka
Egzemplarze
Wycofany Status egzemplarza Uszkodzony Dostępność Lokalizacja stała Lokalizacja bieżąca Miejsce przechowywania Sygnatura Kod kreskowy Ostatnio wypożyczono Dział Typ dokumentu
      Tylko na miejscu Biblioteka Politechniki Koszalińskiej Biblioteka Politechniki Koszalińskiej Czytelnia Wydziałowa ul. Kwiatkowskiego 6e 77046 02298009 12.09.2024 316.77 Komunikacja społeczna Książka
© 2023 Biblioteka Politechniki Koszalińskiej :: KOHA